|
|
|
|
| LEADER |
00000nam0a2200000 4500 |
| 001 |
246915 |
| 005 |
20240109155222.0 |
| 010 |
|
|
|a 9785913010070
|
| 035 |
|
|
|a (RuTPU)RU\TPU\book\268382
|
| 090 |
|
|
|a 246915
|
| 100 |
|
|
|a 20131212d2006 m y0rusy50 ca
|
| 101 |
0 |
|
|a rus
|
| 102 |
|
|
|a RU
|
| 105 |
|
|
|a a j 001zy
|
| 200 |
1 |
|
|a Сопротивление материалов
|e учебное пособие
|f В. А. Хохлов [и др.]
|g Томский государственный университет (ТГУ)
|
| 210 |
|
|
|a Томск
|c СКК-Пресс
|d 2006
|
| 215 |
|
|
|a 206 с.
|c ил.
|
| 225 |
1 |
|
|a Инновационная образовательная программа
|
| 320 |
|
|
|a Библиогр.: с. 205.
|
| 330 |
|
|
|a Учебное пособие составлено на основе государственного образовательного стандарта и включает основные сведения из следующих разделов: простые виды нагружения (растяжение, сжатие, сдвиг, срез, кручение и изгиб), напряженно-деформированное состояние и теории прочности, сложные виды нагружения, расчет стержневых систем, энергетические методы определения перемещений, расчет статически неопределимых систем, расчет конструкций, работающих в условиях циклических и динамических нагрузок. Для студентов, обучающихся по специальностям 150502 «Конструирование и производство изделий из композиционных материалов», 150302 «Динамика и прочность машин», а также смежным специальностям.
|
| 606 |
1 |
|
|a Сопротивление материалов
|2 stltpush
|3 (RuTPU)RU\TPU\subj\55554
|9 73567
|
| 610 |
1 |
|
|a растяжение
|
| 610 |
1 |
|
|a сжатие
|
| 610 |
1 |
|
|a сдвиг
|
| 610 |
1 |
|
|a срез
|
| 610 |
1 |
|
|a кручение
|
| 610 |
1 |
|
|a плоские сечения
|
| 610 |
1 |
|
|a напряженно-деформированное состояние
|
| 610 |
1 |
|
|a прочность
|
| 610 |
1 |
|
|a изгиб
|
| 610 |
1 |
|
|a сложное сопротивление
|
| 610 |
1 |
|
|a деформируемые системы
|
| 610 |
1 |
|
|a равновесие
|
| 610 |
1 |
|
|a устойчивость
|
| 610 |
1 |
|
|a учебные пособия
|
| 675 |
|
|
|a 539.3/.6(075.8)
|v 3
|
| 701 |
|
1 |
|a Хохлов
|b В. А.
|c физик
|c доцент Юргинского технологического института Томского политехнического университета
|f 1945-
|g Виктор Александрович
|3 (RuTPU)RU\TPU\pers\29057
|9 13757
|
| 701 |
|
1 |
|a Сидоренко
|b Ю. Н.
|g Юрий Николаевич
|
| 701 |
|
1 |
|a Цукублина
|b К. Н.
|c физик
|c доцент Томского политехнического университета, кандидат технических наук
|f 1939-
|g Капитолина Николаевна
|3 (RuTPU)RU\TPU\pers\29058
|
| 701 |
|
1 |
|a Куприянов
|b Н. А.
|c специалист в области материаловедения
|c доцент Томского политехнического университета, кандидат технических наук
|f 1951-
|g Николай Амвросьевич
|3 (RuTPU)RU\TPU\pers\24228
|9 10715
|
| 712 |
0 |
2 |
|a Томский государственный университет (ТГУ)
|3 (RuTPU)RU\TPU\col\397
|
| 801 |
|
1 |
|a RU
|b 63413507
|c 20131212
|
| 801 |
|
2 |
|a RU
|b 63413507
|c 20160924
|g RCR
|
| 942 |
|
|
|c BK
|